ბათუმის შოთა რუსთაველის სახელმწიფო უნივერსიტეტის ბიბლიოთეკა

In Case You're Curious: Questions about Sex from Young People with Answers from the Experts / (ბიბ.ჩანაწერი № 62292)

000 -LEADER
fixed length control field 00932nam a22002297a 4500
005 - DATE AND TIME OF LATEST TRANSACTION
control field 20240918173719.0
008 - FIXED-LENGTH DATA ELEMENTS--GENERAL INFORMATION
fixed length control field 240918s2019 enk||||| |||| 00| 0 eng d
020 ## - INTERNATIONAL STANDARD BOOK NUMBER
International Standard Book Number 9781632280671x
041 ## - LANGUAGE CODE
Language code of text/sound track or separate title eng
080 ## - UNIVERSAL DECIMAL CLASSIFICATION NUMBER
Universal Decimal Classification number 613.88 I-57
245 ## - TITLE STATEMENT
Title In Case You're Curious: Questions about Sex from Young People with Answers from the Experts /
Statement of responsibility, etc. Written by M. Alderton, D. Fellman, M. Hilton, J. Labarr; Edited by M. Hilton.
264 ## - PRODUCTION, PUBLICATION, DISTRIBUTION, MANUFACTURE, AND COPYRIGHT NOTICE
Place of production, publication, distribution, manufacture New Jersey :
Name of producer, publisher, distributor, manufacturer Viva Editions,
Date of production, publication, distribution, manufacture, or copyright notice 2019.
300 ## - PHYSICAL DESCRIPTION
Extent 318 p.:
Other physical details ill.;
Dimensions 21 cm.
653 ## - INDEX TERM--UNCONTROLLED
keyword კითხვები სქესის შესახებ
653 ## - INDEX TERM--UNCONTROLLED
keyword მედიცინა
700 ## - ADDED ENTRY--PERSONAL NAME
Personal name M. Alderton,
Relator term ავტორი
9 (RLIN) 23238
700 ## - ADDED ENTRY--PERSONAL NAME
Personal name D. Fellman,
Relator term ავტორი
9 (RLIN) 23239
700 ## - ADDED ENTRY--PERSONAL NAME
Personal name M. Hilton,
Relator term ავტორი
9 (RLIN) 23240
700 ## - ADDED ENTRY--PERSONAL NAME
Personal name J. Labarr;
Relator term ავტორი
9 (RLIN) 23241
700 ## - ADDED ENTRY--PERSONAL NAME
Personal name Hilton, M.
Relator term რედაქტორი
9 (RLIN) 23242
942 ## - ADDED ENTRY ELEMENTS (KOHA)
Source of classification or shelving scheme
Koha item type წიგნი
ეგზემპლარები
Withdrawn status Lost status Source of classification or shelving scheme Damaged status Not for loan Permanent Location Current Location Shelving location Date acquired Cost, normal purchase price Full call number Barcode Date last seen Copy number Price effective from Koha item type Public note
          ბათუმის შოთა რუსთაველის სახელმწიფო უნივერსიტეტის მთავარი ბიბლიოთეკა ბათუმის შოთა რუსთაველის სახელმწიფო უნივერსიტეტის მთავარი ბიბლიოთეკა წიგნსაცავი 2024-09-18 101.00 613.88 I-57 68883 2024-09-18 68883 2024-09-18 წიგნი 101 ლ.